Statistiques concernant Evolutions d'évoli

Cliquez ici pour prendre le quiz!

Statistiques générales

  • Ce quiz a été pris 284 fois
  • Le résultat moyen est 7 sur 8

Statistiques - réponses

typeNom% Correct
EauAquali
99%
FeuPyroli
97%
ElectriqueVoltali
97%
TénèbresNoctali
95%
PsyMentali
93%
GlaceGivrali
88%
PlantePhyllali
83%
FéeNymphali
82%

Distribution des résultats

Percentile par nombre de réponses

% des personnes avec chaque résultat

Votre développement - résultats

Vous n’avez pas pris ce quiz